000 00352pam a2200157a 44500
008 230515b2009 xxu||||| |||| 00| 0 eng d
020 _aNULL
041 _aENGLISH
082 _a005.7 WAS
100 _aWASIMI SALESH A
245 _aDATA MINING METHODS & TECHNIQUES
250 _a1
260 _aNULL
_bNA
_c2009
300 _a298
650 _aNULL
999 _c639478
_d639478